[Event "Pszczyna op 3rd"]
[Site "Pszczyna"]
[Date "2007.07.21"]
[Round "7"]
[White "Wirowski, Piotr"]
[Black "Paluch, Antoni"]
[Result "0-1"]
[WhiteElo "1696"]
[BlackElo "1638"]
[PlyCount "68"]
[EventDate "2007.07.17"]
[EventType "swiss"]
[EventRounds "9"]
[EventCountry "POL"]
[SourceTitle "EXT 2011"]
[Source "ChessBase"]
[SourceDate "2010.11.26"]
[SourceVersion "1"]
[SourceVersionDate "2010.11.26"]
[SourceQuality "1"]

1. b4 c6 2. c4 Nf6 3. e3 g6 4. Bb2 Bg7 5. Nf3 d5 6. Qb3 e6 7. Bd3 Nbd7 8. 0-0 0-0 9. Nc3 Re8 10. Ne2 e5 11. Bc2 e4 12. Nfd4 Ne5 13. cxd5 cxd5 14. f3 Nc4 15. Bc3 exf3 16. Nxf3 Qc7 17. Rac1 Be6 18. Nf4 Rac8 19. Nxe6 Rxe6 20. Bd4 Ng4 21. g3 Qd7 22. Bxg7 Kxg7 23. Qc3+ Kg8 24. Qd4 Ree8 25. Kg2 Ncxe3+ 26. dxe3 Nxe3+ 27. Kg1 Nxc2 28. Qf6 Re6 29. Qf4 Re4 30. Qd2 Nxb4 31. Ne5 Rxc1 32. Rxc1 Rxe5 33. Rf1 f5 34. Re1 Nc6 0-1